000 02356cam a2200313 4500500
005 20251228073639.0
041 _afre
042 _adc
100 1 0 _aBéal, Jean-Claude
_eauthor
245 0 0 _aLes « nautes armés » de Lutèce : mythe ou réalité ?
260 _c2005.
500 _a75
520 _aRevenant sur trois siècles d’exégèse autour du Pilier des Nautes, de Paris, l’A. souligne les constantes de l’analyse : les personnages seraient des nautes, les reliefs seraient la paraphrase imagée de l’inscription et la figuration d’une activité intellectuelle ou politique d’un groupe professionnel. L’analyse très détaillée des différentes parties du monument conduit à refuser cette lecture, avec argumentation serrée. Il faudrait y reconnaître la figuration d’un mythe : une marche de héros, d’origine gauloise, vers des divinités féminines. Cette nouvelle lecture entraîne la révision de l’interprétation des consoles de pierre du frigidarium des thermes de Cluny : les proues évoquent le Mare Externum et la maîtrise de l’Océan, la suprématie de Rome.
520 _aThe « Armed Nautes » of Lutecia : Myth or Reality ?The A. reviews the generally agreed results of analysis revealed by three centuries of study of the Pilier des Nautes in Paris : that is, that the figures should be nautes, the relief an illustration of the inscription reflecting the intellectual or political activity of a professional group. The A. refutes this through close study of the monument. This is rather an illustration of a myth, a procession of Gallic heroes to goddesses. This reading allows reinterpretation of the stone consoles in the frigidarium of the Baths of Cluny : the prows allude to the Mare Externum and Roman supremacy over the Ocean.
690 _aGallo-Roman world
690 _aIconographie
690 _aLutèce
690 _aLutecia
690 _aMonde gallo-romain
690 _aMonde romain
690 _aMythologie
690 _aParis
690 _aPilier des Nautes
690 _aRoman world
690 _aSculpture architecturale
690 _aThermes de Cluny
786 0 _nRevue archéologique | 40 | 2 | 2005-09-01 | p. 315-337 | 0035-0737
856 4 1 _uhttps://shs.cairn.info/revue-archeologique-2005-2-page-315?lang=fr&redirect-ssocas=7080
999 _c1595674
_d1595674